| 000 | 00351nam a2200145Ia 4500 | ||
|---|---|---|---|
| 008 | 191201s1987 xx 000 0 und d | ||
| 082 |
_a621.381 _bCHF |
||
| 100 | _aCHATTOPADHYAY, D | ||
| 245 | 0 | _aFoundations of Electronics | |
| 250 | _a3rd Rep | ||
| 260 |
_aN. Delhi _bWILEY EASTERN _c1987 |
||
| 300 | _a384 | ||
| 650 | _aB.Tech(ECE) | ||
| 942 |
_2ddc _cBK |
||
| 999 |
_c672 _d672 |
||